| 000 | 00679nam a2200253Ia 4500 | ||
|---|---|---|---|
| 003 | OSt | ||
| 005 | 20220924120825.0 | ||
| 006 | a|||||r|||| 00| 0 | ||
| 007 | ta | ||
| 008 | 220923b |||||||| |||| 00| 0 urd d | ||
| 020 | _c1 | ||
| 024 | _a319465 | ||
| 037 | _cTextual | ||
| 040 |
_aARTS _cARTS _burd |
||
| 041 |
_2urd _aurd |
||
| 082 | _aO168,6MNU,1, F3 | ||
| 100 |
_aMoosvi Zahurul Hasan Au. _9183323 |
||
| 245 | 0 | _aGadhe ki sarguzasht | |
| 260 |
_aDelhi _bRangeen press India _c1923 |
||
| 300 |
_a64p. _ccm. |
||
| 650 |
_aURDU PROSE _926866 |
||
| 942 |
_hO168,6MNU,1, F3 _cTEXL _2CC |
||
| 999 |
_c404523 _d404523 |
||